000
00222nam a22000857a 4500
008
160702b xxu||||| |||| 00| 0 eng d
100
_9
1774
_a
Jain, A.K., et al
245
_a
Computer in Education
260
_a
Delhi
_b
Isha
_c
2005
999
_c
1478
_d
1478